| 000 | 00495nab a2200145Ia 4500 | ||
|---|---|---|---|
| 003 | ES-SlBCS | ||
| 005 | 20210601142037.0 | ||
| 008 | 140529s1954 xxu||||| |||| 00| 0 spa d | ||
| 041 | _aspa | ||
| 100 | 1 |
_aFlórez Flórez, Ramiro _d, 1921-2006 _9224219 |
|
| 245 | 0 | 0 |
_aLa teoría augustiniana de los dos amores en su dimensión antropológica _c Ramiro Flórez |
| 600 | 0 | 4 |
_aAgustín, San _9126082 |
| 773 | 0 |
_tGiornali di Metafisica _gvol. 9, nº. 4-5, 1954, págs. 505-515 _w0017-0372 |
|
| 942 | _cAR | ||
| 999 |
_c670644 _d670644 |
||